|
|
|
|
| LEADER |
00000nam a22000007a 4500 |
| 005 |
20160520131454.0 |
| 007 |
cr|||| ||u| |
| 008 |
160520s2016 mx ||||| |||| 00||0 spa d |
| 020 |
|
|
|a 978-607-406-781-1
|
| 035 |
|
|
|a 14242
|
| 040 |
|
|
|a vLex
|
| 090 |
|
|
|c 6116
|d 6116
|
| 100 |
1 |
|
|a Orozco Colln̕, Luis Angel
|
| 245 |
1 |
0 |
|a Estudio Integral de la Nm̤ina 2016
|h [Recurso electrn̤ico] /
|c Luis Angel Orozco Colln̕
|
| 256 |
|
|
|a Servicio en ln̕ea
|
| 260 |
|
|
|a Mx̌ico
|b Ediciones Fiscales ISEF
|c 2016
|
| 300 |
|
|
|a 1 recurso electrn̤ico
|
| 500 |
|
|
|a ŁActualizado con Resolucin̤ Miscelǹea Fiscal 2016!, este libro trata en forma extensa y detallada las polt̕icas de pago y descuento en las que se basa toda la actividad de la nm̤ina durante la estancia del empleado en la empresa y hasta el třmino de la relacin̤ laboral, incluidos todos los aspectos de cl̀culo de cuotas obrero patronales del IMSS, cl̀culo de impuestos y de las obligaciones legales de la empresa.
|
| 506 |
1 |
|
|a Contenido solo disponible en los productos indicados
|d vLex Global
|d vLex Global (Academic Edition, excluding Law Schools)
|d vLex Global (U.S. Academic Edition, Law Schools)
|d vLex Global (U.S. Academic Edition, excluding Law Schools)
|d vLex Global (Academic Edition, Law Schools)
|
| 650 |
0 |
4 |
|a Derecho
|z Mx̌ico
|
| 740 |
0 |
|
|a vLex libros (servicio en ln̕ea)
|
| 856 |
4 |
0 |
|u http://vlex.com/source/estudio-integral-de-la-nomina-2016-14242
|z Acceso restringido
|
| 942 |
|
|
|c BOOK
|
| 999 |
0 |
|
|a Law
|b Mexic
|